Statistics for Europe Capitals Quiz

Click here to take the quiz!

General Stats

  • This quiz has been taken 33 times
  • The average score is 41 of 45

Answer Stats

CountryCity% Correct
AndorraAn
97%
GreeceAt
97%
SwitzerlandBe
97%
GermanyBe
97%
SerbiaBe
97%
SlovakiaBr
97%
BelgiumBr
97%
DenmarkCo
97%
MonacoMo
97%
RussiaMo
97%
FrancePa
97%
San MarinoSa
97%
Bosnia and HerzegovinaSa
97%
LiechtensteinVa
97%
MaltaVa
97%
Vatican CityVa
97%
RomaniaBu
94%
HungaryBu
94%
IrelandDu
94%
FinlandHe
94%
PortugalLi
94%
United KingdomLo
94%
SpainMa
94%
NorwayOs
94%
KosovoPr
94%
Czech RepublicPr
94%
IcelandRe
94%
LatviaRi
94%
ItalyRo
94%
BulgariaSo
94%
EstoniaTa
94%
LithuaniaVi
94%
AustriaVi
94%
NetherlandsAm
90%
UkraineKy
90%
LuxembourgLu
90%
BelarusMi
90%
SwedenSt
90%
PolandWa
90%
CroatiaZa
90%
AlbaniaTi
87%
MoldovaCh
74%
SloveniaLj
71%
MontenegroPo
71%
North MacedoniaSk
68%

Score Distribution

Percentile by Number Answered

Percent of People with Each Score

Your Score History

You have not taken this quiz